মেঘনাদ সাহা ও বিজ্ঞানে যুগান্তর / (Record no. 71447)
[ view plain ]
| 000 -LEADER | |
|---|---|
| fixed length control field | 00793nam a2200229 a 4500 |
| 001 - CONTROL NUMBER | |
| control field | 71447 |
| 003 - CONTROL NUMBER IDENTIFIER | |
| rucl marc code | BD-RjUL |
| 005 - DATE AND TIME OF LATEST TRANSACTION | |
| control field | 20211209082119.0 |
| 008 - FIXED-LENGTH DATA ELEMENTS--GENERAL INFORMATION | |
| fixed length control field | 170503s1993 ii ||||| |||| 001 0 ben d |
| 020 ## - INTERNATIONAL STANDARD BOOK NUMBER | |
| International Standard Book Number | 8170794382 |
| Terms of availability | : Tk. 40.00 |
| 035 ## - SYSTEM CONTROL NUMBER | |
| System control number | (BD-RjUL)71663 |
| 040 ## - CATALOGING SOURCE | |
| Original cataloging agency | BD-RjUL |
| Language of cataloging | ben |
| Transcribing agency | BD-RjUL |
| Modifying agency | BD-RjUL |
| 041 ## - LANGUAGE CODE | |
| Language code of text/sound track or separate title | ben |
| 082 ## - DEWEY DECIMAL CLASSIFICATION NUMBER | |
| Edition number | 23 |
| Classification number | 925 |
| Author mark and year | BAM 1993 |
| 100 10 - MAIN ENTRY--PERSONAL NAME | |
| Personal name | বসু, জয়ন্ত |
| 9 (RLIN) | 211385 |
| 245 10 - TITLE STATEMENT | |
| Title | মেঘনাদ সাহা ও বিজ্ঞানে যুগান্তর / |
| Statement of responsibility, etc. | জয়ন্ত বসু |
| 260 ## - PUBLICATION, DISTRIBUTION, ETC. (IMPRINT) | |
| Place of publication, distribution, etc. | কলকাতা : |
| Name of publisher, distributor, etc. | দে'জ পাবলিশিং, |
| Date of publication, distribution, etc. | ১৯৯৩ |
| 300 ## - PHYSICAL DESCRIPTION | |
| Pagination | ১৪৪ পৃ./ ; |
| Size | ২২ সেমি. |
| 650 ## - SUBJECT ADDED ENTRY--TOPICAL TERM | |
| Topical term or geographic name as entry element | বিজ্ঞানী |
| 9 (RLIN) | 211386 |
| Topical term or geographic name as entry element | Scientists |
| 9 (RLIN) | 211387 |
| 942 ## - ADDED ENTRY ELEMENTS (KOHA) | |
| Source of classification or shelving scheme | Dewey Decimal Classification |
| Koha item type | Books |
| Lost status | Source of classification or shelving scheme | Damaged status | Not for loan | Collection code | Permanent Location | Current Location | Shelving location | Date acquired | Source of acquisition | Cost, normal purchase price | Total Checkouts | Full call number | Date last seen | Copy number | Koha item type |
|---|---|---|---|---|---|---|---|---|---|---|---|---|---|---|---|
| Dewey Decimal Classification | Not For Loan | Non-fiction | Central Library, University of Rajshahi | Central Library, University of Rajshahi | Reading Room | 02/08/1995 | News Agency, Dhaka | 40.00 | B 925 BAM 1993 | 03/05/2017 | C-1 | Books |